000 03114nam0a2200481 4500
001 RU\NLR\BIBL_A\011546030
005 20260408121342.0
020 _aRU
_b10554
_9Сводный каталог листовок первых лет Советской власти (25 октября (7 ноября) 1917 - 1925) Т.4 (Ч.2). Листовки советских, партийных, профсоюзных, комсомольских и других организаций губерний РСФСР
035 _a(NLR Aleph) 011546030
090 _a12220146
_c12220146
100 _a20171205j19210311|||y0rusy50 ca
101 0 _arus
102 _aRU
105 _ay z 000zy
135 _acrcn 024anaba
200 1 _aПрочитай дезертир! "Опомнись пока не поздно..." 10 марта 1921 г., г. Спасск, Ряз. г.
_e[листовка
_fСпасский уезд. исполнительный комитет Советов]
210 _aСпасск
_cГос. тип
_d1921, март, 11]
215 _a1 с.
_d34х18
300 _aПодписи: председатель Уисполкома Карпов; за секретаря Укомпарта Д. Васильев; Увоенком Строганов; Зампредукомдезертир Севастьянов; Уполномоченный Рязгубкомдезертир Башмаков
325 _aКопия доступна в Электрон. б-ке РНБ
517 1 _a"Опомнись пока не поздно..." 10 марта 1921 г., г. Спасск, Ряз. г.
607 _aРСФСР
_jЛистовки
_xПолитика и управление
_y1917 - 1925
_92312782
_3RU\NLR\auth\6601609564
686 0 _aТ3(2)71-313,011
686 1 _aТ3(2Р-4Ря)712-3,011
702 1 _aКарпов
_cучастник местного самоуправления, г. Спасск
_4720
702 1 _aВасильев
_bД.
_cучастник местного самоуправления, г. Спасск
_4720
702 1 _aСтроганов
_cучастник местного самоуправления, г. Спасск
_4720
702 1 _aСевастьянов
_cучастник местного самоуправления, г. Спасск
_4720
702 1 _aБашмаков
_cучастник местного самоуправления, г. Спасск
_4720
711 0 2 _aСпасский уездный исполнительный комитет Советов
_3RU\NLR\AUTH\880397251
_9461132
852 0 0 _aNLR
_bФЛ
_j48/93
856 0 _uhttps://vivaldi.nlr.ru/ll000000302/view
856 1 _uhttps://vivaldi.nlr.ru/ll000000302/cover
856 2 _uhttps://vivaldi.nlr.ru/ll000000302/text
942 _cBOOK
980 _aNB
981 2 1 _a(21) Листовки
_b(21) Листовки 1921 года